Ministri dopravy SR - Statistics

General Stats
  • This quiz has been taken 36 times
    2 since last reset
  • The average score is 5 of 17
Answer Stats
Poradie Odpoveď % Correct
17. Jozef Ráž ml.
100%
15. Andrej Doležal
50%
14. Árpád Érsek
50%
11. Ján Figeľ
50%
12. Ján Počiatek
50%
10. Ľubomír Vážny
50%
3. Mikulás Dzurinda
50%
13. Roman Brecely
50%
4. Alexander Rezeš
0%
6. Gabriel Palacka
0%
8. Ivan Mikloš
0%
5. Ján Jasovský
0%
7. Jozef Macejko
0%
16. Pavol Lančarič
0%
9. Pavol Prokopovič
0%
2. Rudolf Hofbauer
0%
1. Vladimír Pavle
0%
No matching quizzes found
Score Distribution
Percent of People with Each Score
Percentile by Number Answered
Your Score History
You have not taken this quiz since the last reset